Extractos de las Juntas Generales celebradas por la Real Sociedad Bascongada de los amigos del pais en la villa de Bilbao por setiembre de 1784

Detalles Bibliográficos
Formato: Libro
Lenguaje:Undetermined
Spanish
Publicado: en Vitoria : por Gregorio Marco de Robles y Revilla, 1784.
Materias:
Colección:Banco de datos
Acervo:Biblioteca Palafoxiana. Colección bibliográfica
Descripción Física:126, [78] p. ; 4°
Tema general:Historia civil
Notas:Sello en tinta: Biblioteca Pública Palafoxiana. Falta encuadernación. Número de localización: 29068
LEADER 00671nam a2200157Ia 4500
008 150723s9999 xx 000 0 und d
041 0 |a spa 
050 0 |a PAFX D20 E9 
245 1 0 |a Extractos de las Juntas Generales celebradas por la Real Sociedad Bascongada de los amigos del pais en la villa de Bilbao por setiembre de 1784 
260 |a en Vitoria : por Gregorio Marco de Robles y Revilla, 1784. 
300 |a 126, [78] p. ; 4° 
500 |a Sello en tinta: Biblioteca Pública Palafoxiana. Falta encuadernación. Número de localización: 29068 
650 1 0 |a Historia civil 
942 |c PALALIB 
943 |g Biblioteca Palafoxiana. Colección bibliográfica 
999 |c 1051481  |d 1051481